000 00464nam a2200181Ia 4500
001 1769
005 20260306143753.0
008 260306t2003||||xx |||||||||||||| ||spa||
041 _aESP
082 _a155.4
_bC28
100 _aCarranza, José Antonio
_eAUT
245 0 _aTemperamento en la infancia.:
_bAspectos conceptuales básicos
260 _c2003
300 _a240 páginas :
_c22 x 15 cm.
650 _aGEN
654 _aCPS
942 _cLIB
_dJUS
_fJUS
_2ddc
_n
999 _c1769
_d1769